You Can (Record no. 38132)

MARC details
000 -LEADER
fixed length control field 01483nam a22001817a 4500
020 ## - INTERNATIONAL STANDARD BOOK NUMBER
ISBN 978-9389931846
082 ## - DEWEY DECIMAL CLASSIFICATION NUMBER
Classification number 823 GEO
100 ## - MAIN ENTRY--AUTHOR NAME
Personal name George Matthew Adams
245 ## - TITLE STATEMENT
Title You Can
250 ## - EDITION STATEMENT
Edition statement 1
260 ## - PUBLICATION, DISTRIBUTION, ETC. (IMPRINT)
Name of publisher Fingerprint Publishing
Place of publication London
Year of publication 2025
300 ## - PHYSICAL DESCRIPTION
Number of Pages Paperback โ€ : โ€Ž 232 pages
Other physical details Item Weight โ€ : โ€Ž 300 g Dimensions โ€ : โ€Ž 12.7 x 1.52 x 12.6 cm
520 ## - SUMMARY, ETC.
Summary, etc Do you often wonder whether you really have it in you to accomplish your goals, to win over obstacles, and to succeed in life? Through the empowering self-help manual you can, penned to promote personal growth and well-being for anyone who reads it, George Matthew Adams talks about things to be done to pave your way to a fulfilling, successful lifeโ€”such as sitting for an hour in silence to shape your creative vision, going the extra mile in serving others, letting your character rule your work, studying your mistakes, learning to use time, and many more. Inculcate these habits, and your life will change. A powerful guide that asserts that you can do anything you set your mind to, you can is filled with quotes imparting wisdom of a man whose teachings have inspired millionsโ€”napoleon Hill, and commentary by the executive director of the Napoleon Hill foundation, don M. Green. โ€œYou yourself determine the height to which you shall climb. Have you the summit in view?โ€.
546 ## - LANGUAGE NOTE
Language note Language โ€ : โ€Ž English
650 ## - SUBJECT ADDED ENTRY--TOPICAL TERM
Topical Term GEN
942 ## - ADDED ENTRY ELEMENTS (KOHA)
Koha item type Text Book
952 ## - LOCATION AND ITEM INFORMATION (KOHA)
Damaged status
Not for loan
Holdings
Withdrawn status Collection code Permanent Location Current Location Date acquired Source of acquisition Cost, normal purchase price Inventory number Full call number Accession Number Price effective from Koha item type
  GENERAL VAST Central Library VAST Central Library 28/11/2025 Minerva Books 149.00 90 823 GEO 38278 22/12/2025 Text Book